000
00199 a2200097 4500
001
24226
100
_a
Lorens, C.S
245
_a
Flow graphs
260
_a
_b
McGraw-Hill
_c
1964
090
_c
16416
_d
16416
942
_a
NUST-CAE
_c
M
_c
7132
999
_c
259299
_d
259299